000 003910000a22001450004500
020 _a84-8280-153-8
041 0 _aSPA
082 0 4 _aG 843.1 T864h
100 1 _aTroyes, Chretien de
245 1 0 _aHistoria de perceval o el cuento del grial / Chretien de Troyes ; Agustín Cerezales Laforet, Traductor
260 _aBogotá : Oveja Negra
300 _a158 Pag
001 13102
942 _cBK
999 _c42094
_d42094